000 00677nam a2200205Ia 4500
001 13175
003 GE_BSU
008 181216s||||||||xx |||||||||||||| ||und||
040 _cGE_BSU
080 _a631.4
245 _aСборник статей к 8 международному конгрессу почвоведов
245 _cРед.колл.Дараселия М.К.
260 _aТбилиси
260 _bМецниереба
260 _c1964
300 _a277стр.илл.27см.
300 _cБиблиогр.с.276-277
653 _aСборник статей к 8 международному конгрессу почвоведов
942 _cBK
999 _c46339
_d46339